| 000 | 00330 a2200133 4500 | ||
|---|---|---|---|
| 001 | 36701 | ||
| 022 | _a0-87891-526-5 | ||
| 082 | _a525 FOG | ||
| 090 |
_c23747 _d23747 |
||
| 100 | _aFogiel Dr M | ||
| 245 |
_aThe optics; problem solver _bproblem solver |
||
| 260 |
_aNew York _bResearch & Education association |
||
| 300 | _a818P. | ||
| 942 |
_aNUST-CAE _k535 FOG |
||
| 999 |
_c271774 _d271774 |
||